U.S. States with the Most Walmart Locations - Statistics

General Stats
  • This quiz has been taken 124 times
    95 since last reset
  • The average score is 9 of 12
Answer Stats
# Stores U.S. State % Correct
320 California
97%
602 Texas
97%
385 Florida
91%
215 Georgia
86%
216 North Carolina
81%
174 Ohio
80%
191 Illinois
73%
150 Virginia
73%
163 Pennsylvania
72%
152 Tennessee
70%
144 Alabama
62%
158 Missouri
55%
No matching quizzes found
Score Distribution
Percent of People with Each Score
Percentile by Number Answered
Your Score History
You have not taken this quiz since the last reset